000 00481nam a2200181Ia 4500
005 20250326125810.0
008 250326s9999 xx 000 0 und d
037 _aTextbook
040 _aFMSL
_beng
_cFMSL
041 _aeng
_2eng
084 _aX8(A):8 N7
_qFMSL
100 _aGalbraith J K
245 0 _aNew industrial state
_cGalbraith J K
260 _aLondon
_bLondon, Hamlton
_c1967
300 _a427p
942 _cTB
_hX8(A):8 N7
999 _c1279629
_d1279629